Future American energy policy /

Bibliographic Details
Other Authors: Crist, Meredith S., Laffer, Arthur B.
Format: Book
Language:English
Published: Lexington, Mass. : Lexington Books, [1982]
Subjects:

MARC

Tag First Indicator Second Indicator Subfields
LEADER 00000pam a2200000 a 4500
001 in00000095921
005 20150923173800.0
008 811028s1982 mau 10000 eng
010 |a  80008992  
020 |a 066904489X 
035 |a (OCoLC)07946121 
035 |9 AAK8307AM 
039 0 |a 2  |b 3  |c 3  |d 3  |e 3 
040 |a DLC  |c DLC  |d TXA  |d UtOrBLW 
043 |a n-us--- 
049 |a TXAM  |c [952233] 
050 0 0 |a HD9502 U52  |b  F87 1982 
082 0 |a 333.79/0973  |2 19 
245 0 0 |a Future American energy policy /  |c edited by Meredith S. Crist, Arthur B. Laffer. 
264 1 |a Lexington, Mass. :  |b Lexington Books,  |c [1982] 
264 4 |c ©1982 
300 |a xii, 157 pages ;  |c 24 cm. 
336 |a text  |b txt  |2 rdacontent 
337 |a unmediated  |b n  |2 rdamedia 
338 |a volume  |b nc  |2 rdacarrier 
500 |a "Derives from a program of opinion and analysis ... presented 21- 22 February 1980 at the University of Southern California, Los Angeles"--P. vii. 
650 0 |a Energy policy  |z United States  |v Congresses. 
700 1 |a Crist, Meredith S. 
700 1 |a Laffer, Arthur B. 
999 |a MARS 
999 f f |s f000afe8-5b2e-34bf-89da-136fdecdb1d7  |i 1abffa94-4795-350d-abbd-efaeed62916b  |t 0 
952 f f |p ric  |a Texas A&M University  |b Rellis Campus  |c Joint Library Facility  |d Remote Storage  |t 0  |e HD9502 U52 F87 1982  |h Library of Congress classification  |i unmediated -- volume  |m A14806280639 
998 f f |a HD9502 U52 F87 1982  |t 0  |l Remote Storage